[Event "Hastings 0203 78th"]
[Site "Hastings"]
[Date "2002.12.30"]
[Round "3"]
[White "McShane, Luke J"]
[Black "Karjakin, Sergey"]
[Result "1-0"]
[WhiteElo "2546"]
[BlackElo "2527"]
[Annotator "Psakhis,L"]
[PlyCount "119"]
[EventDate "2002.12.28"]
[EventType "tourn"]
[EventRounds "9"]
[EventCountry "ENG"]
[EventCategory "12"]
[SourceTitle "CBM 093"]
[Source "ChessBase"]
[SourceDate "2003.04.01"]
[SourceVersion "1"]
[SourceVersionDate "2003.04.01"]
[SourceQuality "1"]

1. e4 {McShane} c5 2. Nf3 d6 3. Bc4 {Luke likes this modest line and he use it
with success- for example he won two games just in Hastings!} Nf6 4. d3 e6 (
4... g6 {could be reasonable alternative to the text.}) 5. Bb3 Be7 6. c3 O-O 7.
O-O Nc6 (7... b6 8. Qe2 Bb7 9. Nbd2 a5 10. a4 Na6 11. e5 dxe5 12. Nxe5 Nc7 13.
Ne4 Nd7 14. Nc4 Nd5 15. f4 $14 {1/2-1/2 McShane,L-Baklan,V/BL 0001 2000 (80)})
8. Qe2 b6 {'!?' McShane.} ({Worth considering more active plan -} 8... b5 $5 9.
d4 cxd4 10. cxd4 a5 11. e5 (11. Qxb5 $2 Ba6 12. Qxc6 Bxf1 13. Kxf1 Rc8 $19)
11... dxe5 12. dxe5 Nd7 13. Rd1 b4 14. Bc2 Qc7 15. Bf4 Ba6 16. Qe4 g6 $13 {
0-1 McShane,L-Tiviakov,S/Gibraltar Masters 2003/ (77)}) 9. Nbd2 ({allows to
Black to get good game on the queen side.} 9. d4 cxd4 10. cxd4 Nb4 11. Rd1 Ba6
12. Qe3 d5 13. e5 Ng4 14. Qf4 Nh6 $132 {0-1 Del Rio Angelis,S-Cvitan,O/Lugano
op 1999 (19)}) 9... Ba6 10. Bc2 $146 (10. Rd1 Nd7 11. Nf1 Nde5 12. Nxe5 dxe5
13. Ng3 Bg5 14. Ba4 b5 15. Bc2 Bxc1 16. Raxc1 Qg5 {Kovacs,L-Foldi,I/HUN t-ch
1995/1-0 (38)}) 10... Qc7 ({It is not so easy to evaluate position and after} 
10... d5 11. e5 Nd7 12. Re1 Qc7 $13 {with complicated game.}) 11. a3 Nd7 12.
Re1 Bf6 {It's quite difficult for Black to find correct plan.} (12... d5 13. e5
{leads to another kind of position.}) 13. Nf1 {Using typical plan more common
is Spanish defense than in Sicilian.} Nde5 14. Ng3 Rad8 {'?' McShane.} (14...
Nxf3+ 15. Qxf3 Ne5 16. Qe3 {[%cal Gg3h5]}) 15. Nh5 {'|^!' McShane. By
relocating this knight to the kingside, White increases his advantage in force
on that flank} Be7 (15... Nxf3+ {McShane} 16. Qxf3 Be5 17. Bg5 $5 (17. Qh3 {
McShane} g6) 17... f6 {[%csl Re6]} (17... Rde8 {McShane} 18. Qe2) 18. Bd2) 16.
Nxe5 {'!' McShane.} Nxe5 ({Blak rightly avoid line} 16... dxe5 17. Qg4 g6 18.
Bh6 $16 Rfe8 $140 $2 19. Qf3 {'+/-!' McShane.} f5 20. Ng7 $1 $18) 17. f4 Nd7 (
17... Nc6 18. f5) (17... Nc6 {McShane}) 18. f5 {'!' McShane. Black's pieces
are far away from the kingside, so it's logical for White to attack exactly
there} g6 $2 ({Mistake! Good or bad, but Black should have considered} 18...
Nf6 $1 {with possible continuation} 19. fxe6 ({easy to play with black pieces
after} 19. Bg5 Nxh5 20. Qxh5 Bxg5 21. Qxg5 f6 22. Qg3 e5 (22... exf5 23. exf5
Rfe8 24. Bb3+ c4 $1) 23. Bb3+ c4 24. Bxc4+ Bxc4 25. dxc4 Qxc4 {[%cal Gd6d5]})
19... fxe6 20. Nf4 Qc8 21. Bb3 (21. e5 Nd5 $13) 21... c4 $1 {with some
compensation for the pawn.}) 19. Nf4 {[%csl Re6] Playing quite naturally White
has reached a particularly good position} Ne5 (19... c4 $2 20. d4 $18) (19...
exf5 {McShane} 20. Nd5) 20. fxe6 Qc8 21. Nd5 {'!' McShane.} (21. Bb3 c4 22. Nd5
Qxe6 23. Bxc4 Nxc4 24. dxc4 $16) 21... Qxe6 22. Bh6 Rfe8 23. Nc7 Qc8 24. Nxe8
Rxe8 25. Bf4 $18 {It is clear that white's position is winning , but he must
show some technique.} Bf6 (25... Bh4 {McShane}) 26. Rf1 Bg7 27. Bxe5 $5 {
'!' McShane.} (27. Rad1 d5 $1) 27... Bxe5 28. Bb3 c4 $8 (28... Re7 29. Bd5 $18)
29. Bxc4 Bxc4 30. dxc4 Qc5+ 31. Kh1 Rc8 32. Rad1 (32. b3 $142 Bxc3 33. Rac1 Bg7
34. b4 $18) 32... Qxc4 33. Qxc4 Rxc4 34. Rfe1 h5 $1 {Karjakin plays very well
this part of the game. but unfortunately he hasn't real chances to safe game -
exchange is exchange!} 35. g3 Kf8 36. Kg2 Ke7 37. Kf3 Ke6 38. Rd5 {'!?'
McShane.} a6 39. Rd2 Kd7 40. Ke3 b5 {'?!' McShane.} 41. Kd3 {[%cal Ge1c1,Gb2b3]
} a5 $5 {[%cal Ga5a4] Karjakin makes the best out of a bad job} 42. Rc2 a4 43.
Rb1 $1 {[%cal Gb2b3]} Kc6 (43... d5 44. exd5 Rc5 45. c4 bxc4+ 46. Rxc4 Rxd5+
47. Ke3 $18) 44. b3 axb3 45. Rxb3 {[%cal Gb3b4]} f5 $1 46. exf5 gxf5 47. Rb4 d5
48. a4 $1 {After this move everything became clear!} bxa4 49. Rxc4+ dxc4+ 50.
Kxc4 f4 51. gxf4 Bxf4 52. Kb4 {Black could easy resign here} Kd5 53. c4+ Kd4
54. Kxa4 Kd3 55. Kb3 h4 56. c5 Bc7 57. c6 h3 58. Rc3+ Ke4 59. Rxh3 Kd5 60. Rc3
1-0

[Event "Abu Dhabi op 14th"]
[Site "Abu Dhabi"]
[Date "2004.08.20"]
[Round "6"]
[White "Minasian, Artashes"]
[Black "Hakki, Imad"]
[Result "1-0"]
[WhiteElo "2584"]
[BlackElo "2451"]
[Annotator "Psakhis,L"]
[PlyCount "85"]
[EventDate "2004.08.14"]
[EventType "swiss"]
[EventRounds "9"]
[EventCountry "UAE"]
[SourceTitle "CBM 103"]
[Source "ChessBase"]
[SourceDate "2004.11.11"]
[SourceVersion "1"]
[SourceVersionDate "2004.11.11"]
[SourceQuality "1"]

1. e4 c5 2. Nf3 d6 3. c3 {Avoiding main theoretical lines.} Nf6 4. Bd3 Nc6 5.
Bc2 Bg4 6. d3 e6 7. Nbd2 d5 8. h3 $146 (8. O-O Qc7 (8... d4 9. h3 Bh5 10. Ba4
Bxf3 11. Nxf3 Qb6 12. Ne5 Be7 13. cxd4 cxd4 14. Bg5 O-O 15. Bxf6 Bxf6 16. Nd7
Qxb2 17. Nxf8 Rxf8 18. Bxc6 bxc6 19. Qa4 Qb5 20. Qa3 Qb7 21. Rab1 Qc7 22. Rfc1
Rb8 23. Rxb8+ Qxb8 24. Rxc6 g6 25. g3 {1-0 Sanz Alonso,J-Larios,M/ESP-ch
Almeria 1989/Vaiser (25)}) 9. Re1 O-O-O 10. a3 dxe4 11. dxe4 Ne5 12. Qe2 g5 (
12... c4 $5) 13. h3 Rxd2 14. Bxd2 Nxf3+ 15. gxf3 Bxh3 16. e5 $1 $14 {1-0 Gomez
Polo,V-Rodriguez Marquez,A/Malaga-ch 1984/EXT 2003 (27)}) (8. Ba4 Qc7 9. Qe2
Be7 10. h3 Bh5 11. Nf1 O-O 12. Bxc6 bxc6 13. Ng3 Bg6 14. Nh4 Bd6 15. Nxg6 fxg6
$1 $36 {Nicevski,R-Magerramov,E/Cheliabinsk 1991/0-1 (53)}) 8... Bxf3 (8... Bh5
$142 $5 {keeping two bishops on the board.}) 9. Nxf3 dxe4 10. dxe4 Qxd1+ 11.
Kxd1 $14 {[%csl Gc1,Gc2,Gf3][%cal Gc2a4] I think that white got a stable
advantage from the opening: two strong bishops, an active king.} a6 12. Ke2 {
[%csl Ge2]} Be7 13. e5 (13. Rd1 $5) 13... Nd5 (13... Nd7 14. Bf4 $14) 14. c4 $1
Nb6 (14... Ndb4 15. Ba4 (15. Be4 $5) 15... O-O-O 16. a3 Nd3 17. Bxc6 bxc6 18.
Rd1 $36) 15. b3 O-O-O 16. Bb2 (16. Be4 Nd4+ 17. Nxd4 cxd4 (17... Rxd4 18. f3 $5
$14) 18. Bb2 $14) 16... h6 {Black has a very solid position, but it's very
difficult for him to get active counterplay.} (16... f6 $5 {[%cal Gb6d7]}) 17.
h4 {White immediately takes this opportunity to grab space on the kingside} Rd7
(17... f5 18. h5 $36 (18. exf6 Bxf6 19. Bxf6 gxf6 {[%csl Gd4]})) 18. Rad1 Rhd8
19. Rxd7 Nxd7 {[%cal Gf7f6]} (19... Rxd7 20. h5 $1 {[%csl Ge5,Gh5]}) 20. Be4 ({
Minasian rightly avoids} 20. Rd1 f6 $1 {White has more space so he has to keep
as many pieces on the board as possible}) 20... Kc7 21. h5 b5 22. Rc1 Rb8 23.
Ke3 $6 (23. g4 $142 bxc4 24. Rxc4 Nb6 25. Rc1 Nd5 26. Ne1 $5 $13 {[%cal Ge1d3]}
) 23... Nb6 $2 ({After the natural} 23... bxc4 $1 24. Rxc4 Nb6 {[%cal Gb6d5]}
25. Rc1 Nd5+ $13 {[%csl Gd5] the advantage of two bishops does not give
anything serious to White - Black is well developed and takes control over the
centre.}) 24. Nd2 $14 f5 ({Possibly Black should have preferred} 24... bxc4 $5
25. Nxc4 Nb4) 25. exf6 gxf6 (25... Bxf6 $2 26. Bxf6 gxf6 27. cxb5 $18) 26. f4 (
26. g4 $5) 26... Nb4 27. Bb1 (27. a3 Nc6 {[%csl Rb3]}) 27... bxc4 {Knowing how
badly this move turned out for Black in this game, I dare suggesting} (27...
Rg8 $142 $5 28. a3 Nc6 29. Bg6 Rd8 $14 {with some chances for defence.}) 28.
Nxc4 N4d5+ 29. Kf3 $16 {[%csl Gb1,Gb2,Rh6]} Nxc4 30. Rxc4 Rb4 31. Bd3 $1 {
[%csl Ra6]} a5 (31... Rxc4 32. Bxc4 a5 33. f5 $1) 32. Ba3 (32. g4 $5) 32...
Rxc4 33. Bxc4 {[%cal Gf4f5][%mdl 4096] Black's position is hopelessly passive.}
Kd6 34. f5 $5 e5 (34... exf5 35. Bc1 Bf8 (35... f4 36. Bxd5 Kxd5 37. Kxf4 Ke6
38. g4 $18 {[%csl Ra5,Rc5,Rf6,Rh6]}) 36. Bd2) 35. Bxd5 $1 {Black has so many
pawn weaknesses in his camp, that White is right already to exchange his
strong light-coloured bishop.} Kxd5 36. Bc1 e4+ (36... Bf8 37. Bd2) 37. Ke2 Bf8
(37... Ke5 38. g4 Bf8 39. Bd2 $18) 38. Bd2 $18 a4 39. bxa4 {[%csl Ga4,Gh5]} c4
40. a5 Kc6 41. a4 Ba3 (41... Kc5 42. Be3+ (42. a6 Kb6 43. Ke3 Kxa6 44. Kxe4 $18
) 42... Kc6 43. a6 $18) 42. Bxh6 c3 43. Be3 1-0

[Event "RUS-ch 57th"]
[Site "Moscow"]
[Date "2004.11.25"]
[Round "9"]
[White "Timofeev, Artyom"]
[Black "Kasparov, Garry"]
[Result "0-1"]
[WhiteElo "2611"]
[BlackElo "2813"]
[Annotator "Psakhis,L"]
[PlyCount "84"]
[EventDate "2004.11.15"]
[EventType "tourn"]
[EventRounds "11"]
[EventCountry "RUS"]
[EventCategory "18"]
[SourceTitle "CBM 104"]
[Source "ChessBase"]
[SourceDate "2005.01.27"]
[SourceVersion "1"]
[SourceVersionDate "2005.01.27"]
[SourceQuality "1"]

1. e4 {Ftacnik} c5 2. Nf3 d6 3. Bc4 Nf6 4. d3 Nc6 5. c3 g6 6. O-O Bg7 7. Bb3
O-O 8. Re1 b5 9. a3 a5 10. h3 {Ftacnik: 'Timofeev has avoided the sharp
variations of the open Sicilian, his goal is to control the center with pawns.'
} (10. a4 {Ftacnik} b4 11. Bg5 Rb8 12. Nbd2 bxc3 13. bxc3 Ng4 14. Qc2 Nge5 15.
Nxe5 Nxe5 16. d4 cxd4 17. cxd4 Nd7 18. Nf3 Ba6 19. Rad1 Qb6 20. Rb1 $16 {
1-0 Sitnikov,D-Utnasunov,A/Vladimir 2002/ (26)}) 10... Nd7 11. Be3 (11. d4 $5)
(11. a4 {Ftacnik} b4 12. Be3 Ba6 $15) 11... a4 12. Bc2 (12. Ba2 $5 Bb7 {Ftacnik
} 13. Nbd2 e6 14. d4 Qc7 $11) 12... Nb6 (12... Nde5 13. Nxe5 Nxe5 14. f4 Nc6
15. d4 $140 cxd4 16. cxd4 e5 $1) 13. Nbd2 e5 (13... f5 $5) 14. b4 $5 {Ftacnik:
'At this stage the contours of the pawn structure were getting a "Spanish"
character. White begins with activity due to the threat of f7-f5.'} (14. Nh2 {
Ftacnik} f5 $1 15. exf5 gxf5 16. f4 Nd5 $17) 14... axb3 (14... cxb4 {Ftacnik}
15. cxb4 Be6 16. Rc1 $11) 15. Bxb3 {[%csl Gb3]} (15. Nxb3 {Ftacnik} f5 16. Qe2
Qc7 $15) 15... Bd7 16. Qc2 Ra6 {[%csl Ra3]} 17. Reb1 Qa8 18. Qc1 {Ftacnik:
'The position full of pieces was loaded with tactical possibilities. White was
probably right to avoid complications after 18.Ba2.'} (18. Ba2 {Ftacnik} Rxa3
19. Rxb5 Nd4 $1 (19... Nb4 20. cxb4 (20. Rxb4 cxb4 21. Bxb6 Be6 22. cxb4 Rxa2
23. Rxa2 Bxa2 $15) 20... Bxb5 21. Qb2 Ra4 (21... cxb4 22. Bxb6 Qa6 23. Qxb4 Ra4
24. Qb2 Ra8 25. Kh2 Qxb6 26. Bxf7+ Kxf7 27. Rxa4 Rxa4 28. Nc4 Qc6 29. Qxb5 Qxb5
30. Nxd6+ Ke6 31. Nxb5 $11) 22. bxc5 Nc8 23. Qxb5 Rxa2 24. Rxa2 Qxa2 25. Qd7
$13) 20. Nxd4 exd4 21. Rxb6 dxe3 22. Nb1 exf2+ 23. Qxf2 Ra5 24. Bd5 Rxa1 25.
Bxa8 Bxc3 $15) 18... Na5 19. Ba2 Qc6 $36 20. d4 $6 {White clearly
overestimates his chances.} (20. Ne1 {[%csl Re1][%cal Ge1c2]}) (20. Qc2 {
Ftacnik} Rfa8 21. Ng5 Be8 22. c4 bxc4 23. dxc4 Qc7 $15) 20... c4 $1 {[%csl Ra2]
Kasparov keeps full control over the queenside but it is still not so easy to
create real threats.} 21. dxe5 (21. d5 Qc7 {[%cal Ga5b7,Gb7c5]} 22. Rb4 {
Ftacnik} Na4 $15) (21. Rb4 $5 {Ftacnik} Qc7 (21... f5 22. dxe5 dxe5 23. Rab1
fxe4 24. Rxb5 exf3 25. Rxb6 Rxb6 26. Rxb6 Qd5 $11) 22. Rab1 Na4 23. Qc2 $13)
21... dxe5 22. Bxb6 {'?!' Ftacnik. Ftacnik: 'The classical rules of positional
play are strongly warning not to exchange bishops for knights without a good
reason. Timofeev will get some breathing space, but his chances will be
inferior.'} (22. Qb2 Na4 {[%csl Ga4]}) (22. Rb4 {Ftacnik} Qc7 23. Rab1 Rd8 24.
Bxb6 Rxb6 25. Nxc4 Nxc4 26. Bxc4 Bf8 27. Bd5 Bxb4 28. cxb4 $44) 22... Rxb6 {
[%csl Ra2]} 23. a4 $5 (23. Rb4 {Ftacnik} Rfb8 $15) 23... bxa4 24. Rxb6 Qxb6 25.
Nxc4 Nxc4 26. Bxc4 Qc5 {[%csl Ga4,Rc3][%cal Oc5c4,Gf8c8]} (26... Rc8 {Ftacnik}
27. Qd2 Be8 28. Bd5 Qc5 $15) 27. Qd1 {'?' Ftacnik. Ftacnik: 'The real mistake
is this move, White was not suspecting the level of problems after the
exchange of pieces.'} (27. Bd5 {Ftacnik} Rb8 (27... h6 28. Qd2 Rd8 29. Ne1 $13)
28. Qd2 Be8 $15) 27... Qxc4 $1 (27... Bc6 28. Bd5 $1) 28. Qxd7 Qxe4 29. Qxa4 ({
White's position is very difficult after} 29. Rxa4 Qb1+ 30. Kh2 e4 {for example
} (30... Qc2 $5) 31. Ng5 e3 $5 32. fxe3 Be5+ 33. g3 Qb2+ 34. Kh1 Bxg3 $19)
29... Qd3 {[%csl Rc3][%cal Od3c3,Ge5e4] Despite the simplifications White
still did not solved all problems.} 30. c4 e4 31. Rd1 Qe2 (31... Qc3 $5) 32.
Nh2 {White's position is hopelessly passive.} (32. Ne1 Bd4 $1 33. Rxd4 e3 34.
Nd3 exf2+ 35. Nxf2 Qe1+ 36. Kh2 Qe5+ $19) (32. Re1 {Ftacnik} exf3 $3 33. Rxe2
fxe2 34. Qa5 Re8 35. Qe1 Bc3 $19) 32... Bc3 {[%cal Gc3e1]} (32... Rc8 $5) 33.
Rf1 Bd4 $6 {Absolutely unnecessary move, which could spoil Black's victory.} (
33... Rc8 $142 $17) 34. Qc6 $2 ({Mistake! After the correct} 34. Ng4 $5 {
White could probably hold the position with accurate defence -} h5 $140 (34...
Kg7 $5 35. Qc6 Qd2 $36) 35. c5 $1 hxg4 (35... Bxc5 $2 36. Nf6+ Kg7 37. Qa1 $16)
(35... Rd8 36. Rd1 hxg4 37. Rxd4 $11) 36. Qxd4 gxh3 37. gxh3 Rc8 38. Rc1 $11)
34... h5 $1 {[%csl Rh2]} 35. Qd5 Qd3 $1 36. g4 $6 ({White could have offered a
tough resistance after} 36. Re1 Qd2 37. Rf1 Re8) 36... hxg4 37. hxg4 (37. Nxg4
Qg3+ 38. Kh1 Qxh3+ $19) 37... Kg7 $19 {[%cal Gf8h8]} 38. Kg2 Rh8 39. Qd6 $8
Qh3+ 40. Kg1 Qd3 41. Kg2 Qh3+ 42. Kg1 Qc3 $1 {[%cal Rd4e5]} 0-1

[Event "FIDE-Wch k.o."]
[Site "Tripoli"]
[Date "2004.06.22"]
[Round "2.4"]
[White "Zvjaginsev, Vadim"]
[Black "Wojtkiewicz, Aleksander"]
[Result "1-0"]
[WhiteElo "2654"]
[BlackElo "2559"]
[Annotator "Psakhis,L"]
[PlyCount "73"]
[EventDate "2004.06.19"]
[EventType "k.o."]
[EventRounds "7"]
[EventCountry "LBY"]
[SourceTitle "CBM 102"]
[Source "ChessBase"]
[SourceDate "2004.09.23"]
[SourceVersion "1"]
[SourceVersionDate "2004.09.23"]
[SourceQuality "1"]

1. e4 c5 2. Nf3 d6 3. Nc3 Nf6 4. e5 {Very rare move, the main purpose of which
is to deviate from the theoretical lines} dxe5 5. Nxe5 Nbd7 (5... e6 6. g3 Nbd7
7. Nc4 Nb6 8. Qe2 Nxc4 9. Qxc4 Bd7 10. Bg2 Qc8 11. a4 Bc6 12. Bxc6+ Qxc6 13.
Qb5 Rc8 14. d3 {1/2-1/2 Huebner,R-Petrosian,T/Sevilla (m/5) 1971 (14)}) 6. Nc4
(6. d4 Nxe5 7. dxe5 Qxd1+ 8. Kxd1 Ng4 9. Bb5+ Bd7 10. e6 fxe6 11. Bxd7+ Kxd7
12. Ne4 b6 {1/2-1/2 Balogh,C-Mamedov,R/EUR-ch B16 Budva 2003/ (12)}) (6. Bb5 a6
7. Nxd7 Bxd7 8. Bxd7+ Qxd7 9. a4 e6 10. Qf3 Be7 11. d3 O-O 12. O-O Nd5 13. Nxd5
Qxd5 14. Qxd5 exd5 15. Be3 Rac8 16. Rfd1 Bf6 17. c4 Rfd8 18. Rab1 {1/2-1/2
Landenbergue,C-King,D/SUI t-ch 2001/C (18)}) 6... e6 (6... g6 7. g3 h5 8. Bg2
h4 9. d3 Bg7 10. Bf4 Nb6 11. Nxb6 Qxb6 12. O-O hxg3 13. hxg3 Bh3 14. Qf3 Bxg2
15. Kxg2 Qxb2 16. Be5 Rd8 17. Rab1 Qxc2 18. Rxb7 O-O $13 {1/2-1/2 Vedder,
H-Blees,A/NED t-ch playoff Enschede 2003/ (26)}) (6... Nb6 $5 7. Nxb6 Qxb6 8.
Bb5+ Bd7 9. Bxd7+ Nxd7 10. O-O e6 11. b3 Be7 12. Bb2 Qc6 13. Qg4 Nf6 14. Qh3
O-O-O 15. d3 h5 16. a4 a6 17. a5 h4 $132 {1/2-1/2 Conquest,S-Rowson,J/Hastings
0304 2003/CBM 99 (47)}) 7. Be2 Be7 8. O-O Nb6 (8... O-O 9. b3 Nd5 10. Bb2 Nxc3
11. Bxc3 Bf6 $11) 9. b3 $5 O-O 10. Bb2 Nbd5 (10... Nxc4 11. bxc4 $5 {[%cal
Ge2f3,Ga1b1]} (11. Bxc4 Bd7 $11 {[%cal Gd7c6]})) 11. Bf3 Nxc3 $146 (11... Bd7
$5 12. Ne5 Be8 13. Nxd5 exd5 14. d4 Rc8 15. dxc5 Bxc5 16. Nd3 Bd6 17. Re1 Bd7
18. Qd2 {1/2-1/2 Balashov,Y-Loginov,V/RUS-ch St.Petersburg 1998 (18)}) (11...
b6 $5 {[%cal Gc8b7]}) 12. Bxc3 Nd5 13. Bb2 Bf6 (13... b6 $2 14. Ne5 $1 {
[%cal Gc2c4]}) 14. Ne5 $1 Qc7 (14... Bxe5 15. Bxe5 f6 16. Bb2 e5 17. Re1 Rb8 $5
$13) 15. Re1 Rd8 {It seems that this natural move is innacurate.} ({Worth
considering} 15... Rb8 $5 {[%cal Gb7b6] for example} 16. a4 b6 17. a5 Bb7 18.
axb6 axb6 19. Ra7 Rfd8 $13) 16. Be4 $5 {[%cal Gd1f3]} Nf4 17. Qf3 Ng6 18. Bxg6
$1 hxg6 19. d3 Bd7 20. Re3 {[%cal Ga1e1,Gf3g4] White completed his development
and has some advantage now: more space, more active pieces} Rac8 21. Rae1 (21.
a4 $5) 21... Be8 22. a4 b6 23. Qh3 {[%cal Ge3f3]} Rd5 (23... a6 24. Rf3 {
[%cal Rf3f6]}) 24. c4 {Black's light-squared bishop is very passive, which
determines white's advantage} Rd6 25. Rf3 {[%mdl 128]} Qd8 (25... Rcd8 26. Rxf6
$1 gxf6 27. Ng4 e5 28. f4 $36 {[%csl Gb2,Gg4,Gh3]}) 26. Re4 $1 Bg5 27. Rg3 {
White has got an excellent attacking chances while Black still has no real
counter play.} Bc6 (27... Bf6 $5) 28. Reg4 Bf6 29. Rf4 $1 {It becomes clear
that four black pieces crowded in the queen's flank are absolutely useless.}
Be8 30. Nxg6 (30. Nxf7 $5 Bxf7 (30... Kxf7 31. Bxf6 Qxf6 32. Rxf6+ gxf6 33.
Rxg6 $1 $18) 31. Bxf6 gxf6 32. Rh4 Kf8 33. Rh8+ Ke7 34. Rxd8 Rcxd8 35. f4 $18)
30... fxg6 31. Bxf6 {Removing the only defender standing between White's army
and Black's king} gxf6 32. Rh4 $18 Kf8 (32... e5 33. Rh8+ Kf7 34. Rxg6 $1 $18)
33. Rh7 $5 (33. Rh8+ Ke7 34. Qh7+ Bf7 35. Rxd8 Rcxd8 36. Rxg6 Rxd3 37. h4 $18)
33... Bf7 $8 34. Qh6+ Ke8 35. Rxf7 Kxf7 36. Qxg6+ Ke7 37. Qh7+ 1-0